000 00333nam a2200133Ia 4500
005 20260328101510.0
008 260328s9999||||xx |||||||||||||| ||und||
100 _aDaria, Sophie
245 0 _aLe Corbusier :
_b Sociologue de l' Urbanisme /
_cSophie Daria
260 _bSeghers
300 _a188 p.
650 _aURBANISMO
942 _cBK
999 _c9175
_d9175